000
00260nam a22001217a 4500
008
180820b xxu||||| |||| 00| 0 eng d
041
_a
eng
080
_a
316
100
_a
50
101
_a
SOC
245
_a
AMERICAN SOCIETY
_c
MARTINDALE.D
942
_2
udc
_c
BK
999
_c
47215
_d
47215